000 00295nam a2200109Ia 4500
008 171211s9999 xx 000 0 und d
245 _aFinancial Information Analysis
245 _cPhilip O'Regan
260 _c2016
650 _xECONOMICS
856 _uhttp://down.ebook777.com/062/0415695856.pdf
999 _c349605
_d349605